000 nam a22 a 4500
999 _c4427
_d4427
005 20170530093837.0
008 170530b1995 my ||||| |||| 00| 0 may d
040 _aAKMAL
082 _a354.595001 YEA
100 _aYeap Lai Hoon
_98596
245 _aPersepsi Terhadap Kenaikan Gaji Berdasarkan Prestasi Dalam SSB:
_bHubungannya dengan Motivasi Kerja dan Kepuasan Kerja /
_cYeap Lai Hoon
260 _aMalaysia
_c1995
300 _ccm
942 _2ddc
_cBOOK